| 000 | 01287cam a2200241 4500 | ||
|---|---|---|---|
| 001 | ABS68377 | ||
| 008 | 041028n2004 000 0 eng u | ||
| 035 | _a(Sirsi) u127846 | ||
| 100 | _aWilliams, P. | ||
| 245 | _aPractice and law - Land Registration Act 2002 | ||
| 260 | _c2004 | ||
| 490 |
_aEstates Gazette _v(0442) 16 October 2004, 152-155(4) |
||
| 520 | _aThree articles assessing the success of the Land Registration Act 2002 a year after it came into force in October 2003. "Growing pains" considers four new procedures introduced by the 2002 Act. These include the designation of exempt information documents, registration of easements, disclosing overriding interests and the requirements of plans to be drawn up for registering leases of seven years or more. "Restricted range of protection" looks at how the Act deals with the protection of third party rights for registered titles. "The new electronic age" sets out the three service model for e-conveyancing outlined in "Defining the service" produced by the Land Registry. | ||
| 590 | _aABS | ||
| 590 | _aABS | ||
| 650 | _aLAND REGISTRATION ACT 2002 | ||
| 650 | _aECONVEYANCING | ||
| 690 | _aPROPERTY AND LAND LAW | ||
| 700 | _aThompson, S. | ||
| 700 | _aRoberts, P. | ||
| 700 | _aColby, A, | ||
| 942 | _n0 | ||
| 999 |
_c118242 _d118242 |
||